Nutritive value of foods. (Record no. 11964)

MARC details
000 -LEADER
fixed length control field 00829cam a22002531 4500
001 - CONTROL NUMBER
control field agr64000467
003 - CONTROL NUMBER IDENTIFIER
control field DLC
005 - DATE AND TIME OF LATEST TRANSACTION
control field 20260227111023.0
008 - FIXED-LENGTH DATA ELEMENTS--GENERAL INFORMATION
fixed length control field 790424s1964 dcu f000 0 eng
010 ## - LIBRARY OF CONGRESS CONTROL NUMBER
LC control number agr64000467
035 ## - SYSTEM CONTROL NUMBER
System control number (OCoLC)4891850
040 ## - CATALOGING SOURCE
Original cataloging agency DLC
Transcribing agency TxLoL
Modifying agency DLC
042 ## - AUTHENTICATION CODE
Authentication code premarc
050 00 - LIBRARY OF CONGRESS CALL NUMBER
Classification number TX7
Item number .U6 no. 72 1964
110 1# - MAIN ENTRY--CORPORATE NAME
Corporate name or jurisdiction name as entry element United States.
Subordinate unit Agricultural Research Service.
-- Consumer and Food Economics Research Division.
245 10 - TITLE STATEMENT
Title Nutritive value of foods.
250 ## - EDITION STATEMENT
Edition statement [Rev.
260 ## - PUBLICATION, DISTRIBUTION, ETC.
Place of publication, distribution, etc. Washington]
Name of publisher, distributor, etc. U.S. Dept. of Agriculture; [for sale by the Supt. of Docs., U.S. Govt. Print. Off.,
Date of publication, distribution, etc. 1964]
300 ## - PHYSICAL DESCRIPTION
Extent 36 p.
Dimensions 27 cm.
490 1# - SERIES STATEMENT
Series statement Home and garden bulletin
Volume/sequential designation no. 72
500 ## - GENERAL NOTE
General note Cover title.
650 #0 - SUBJECT ADDED ENTRY--TOPICAL TERM
Topical term or geographic name entry element Food
General subdivision Composition
-- Tables.
830 #0 - SERIES ADDED ENTRY--UNIFORM TITLE
Uniform title Home and garden bulletin ;
Volume/sequential designation no. 72.

No items available.

Powered by Koha